|
|
|
|
| LEADER |
00000nab a2200000 a 4500 |
| 001 |
vtls009628956 |
| 003 |
SK-MaSNL |
| 005 |
20260304153707.0 |
| 008 |
250506c2009 xo |||||||||||000 b|slo |
| 015 |
|
|
|a SNBRB2009/07
|2 snkbucl
|
| 035 |
|
|
|a (sysno)vtls009628956
|
| 035 |
|
|
|a urn:nbn:sk:snk-ab6pi8
|
| 035 |
|
|
|a (uuid)349371d8-3f83-4916-97bf-dc57321d14f3
|
| 035 |
|
|
|a (urnnbn)urn:nbn:sk:snk:ar-005qea
|
| 038 |
|
|
|a SNKBUCL
|
| 040 |
|
|
|a SNKBUCL
|b slo
|c SNKBUCL
|e AACR2
|
| 041 |
0 |
|
|a slo
|
| 044 |
|
|
|a xo
|c SK
|
| 080 |
|
|
|a 621.791.92:061.3
|2 2001
|
| 245 |
0 |
0 |
|a Seminár Technológie navárania usporiadaný na počesť Ing. Ondreja Hana, CSc., bývalého pracovníka VÚZ
|c redakcia
|
| 300 |
|
|
|b Fotogr.
|
| 600 |
1 |
7 |
|a Hano, Ondrej,
|d 1923-2001
|2 snkbucl
|9 1037372
|
| 648 |
|
7 |
|a 2009
|2 snkbucl
|9 320114
|
| 650 |
0 |
7 |
|a naváranie
|2 snkbucl
|9 415907
|
| 650 |
0 |
7 |
|a semináre
|2 snkbucl
|9 18562
|
| 773 |
0 |
|
|t Zváranie = Svařování
|g Roč. 58, č. 4 (2009), s. 115
|x 0044-5525
|
| 850 |
|
|
|a Slovenská národná knižnica
|
| 852 |
|
|
|a Slovenská národná knižnica
|
| 954 |
|
|
|a odborná, vedecká literatúra pôvodná (slovenská)
|2 lita
|
| 958 |
|
|
|a article
|
| 958 |
|
|
|a OND
|
| 958 |
|
|
|a SK
|
| 958 |
|
|
|a EUIPO
|
| 999 |
|
|
|c 2954635
|d 2956565
|